Famous British Steam Engines - Statistics

General Stats
  • This quiz has been taken 56 times
    29 since last reset
  • The average score is 15 of 19
Answer Stats
Picture Answer % Correct
Flying Scotsman
100%
Mallard
100%
Rocket
100%
Stepney
100%
Bittern
92%
Boxhill
92%
City of truro
92%
Green Arrow
92%
Sir Nigel Gresley
92%
Dominion of Canada
83%
Dwight D Eisenhower
83%
Aerolite
67%
Locomotion
67%
Union of South Africa
67%
Clan line
58%
Duchess of Hamilton
58%
Duchess of Sutherland
58%
King George the V
58%
Winston Churchill
50%
No matching quizzes found
Score Distribution
Percent of People with Each Score
Percentile by Number Answered
Your Score History
You have not taken this quiz since the last reset